Charles Babbage and his calculating engines : (Record no. 6103)
[ view plain ]
| 000 -LEADER | |
|---|---|
| fixed length control field | 00825nam a2200253 4500 |
| 001 - CONTROL NUMBER | |
| control field | 6103 |
| 003 - CONTROL NUMBER IDENTIFIER | |
| rucl marc code | BD-RjUL |
| 005 - DATE AND TIME OF LATEST TRANSACTION | |
| control field | 20211208234203.0 |
| 008 - FIXED-LENGTH DATA ELEMENTS--GENERAL INFORMATION | |
| fixed length control field | 860101s1961 us a b 000 0beng d |
| 035 ## - SYSTEM CONTROL NUMBER | |
| System control number | BD-RjUL6142 |
| 040 ## - CATALOGING SOURCE | |
| Original cataloging agency | BD-RjUL |
| Language of cataloging | eng |
| Transcribing agency | BD-RjUL |
| Modifying agency | BD-RjUL |
| 041 ## - LANGUAGE CODE | |
| Language code of text/sound track or separate title | eng |
| 082 ## - DEWEY DECIMAL CLASSIFICATION NUMBER | |
| Edition number | 19 |
| Classification number | 016.00409 |
| 100 1# - MAIN ENTRY--PERSONAL NAME | |
| Personal name | WRITINGS, SELECTED. |
| Dates associated with a name | 1791-1871. |
| 9 (RLIN) | 19205 |
| 245 10 - TITLE STATEMENT | |
| Title | Charles Babbage and his calculating engines : |
| Remainder of title | selected writings / |
| Statement of responsibility, etc. | by Charles Babbage and others. Edited with an introd. by Philip Morrison and Emily Morrison |
| 260 ## - PUBLICATION, DISTRIBUTION, ETC. (IMPRINT) | |
| Place of publication, distribution, etc. | New York : |
| Name of publisher, distributor, etc. | Dover Publications, |
| Date of publication, distribution, etc. | 1961 |
| 300 ## - PHYSICAL DESCRIPTION | |
| Pagination | 400 p : |
| Illustrations | illus ; |
| Size | 21 cm |
| 504 ## - BIBLIOGRAPHY, ETC. NOTE | |
| Bibliography, etc | Includes bibliography |
| 650 #0 - SUBJECT ADDED ENTRY--TOPICAL TERM | |
| Topical term or geographic name as entry element | Calculators |
| 9 (RLIN) | 19206 |
| Topical term or geographic name as entry element | Scientists |
| Form subdivision | Correspondence |
| 9 (RLIN) | 19207 |
| 942 ## - ADDED ENTRY ELEMENTS (KOHA) | |
| Source of classification or shelving scheme | Dewey Decimal Classification |
| Koha item type | Books |
| Lost status | Source of classification or shelving scheme | Damaged status | Not for loan | Collection code | Permanent Location | Current Location | Shelving location | Date acquired | Source of acquisition | Cost, normal purchase price | Total Checkouts | Full call number | Date last seen | Copy number | Koha item type |
|---|---|---|---|---|---|---|---|---|---|---|---|---|---|---|---|
| Dewey Decimal Classification | Not For Loan | Non-fiction | Central Library, University of Rajshahi | Central Library, University of Rajshahi | 05/11/2006 | Zeit | 16.00 | 016.00409 WRC 1961 | 09/01/2014 | C-1 | Books |